000 00391nam a2200157Ia 4500
008 151213s9999 xx 000 0 und d
100 _aRaimond Williams
245 _aDrama From Ibsen TO Eliot
_cRaimond Williams
250 _a1st
260 _aAustralia
_bPenguijng Book
_c1952
300 _a4345 p.
650 _aDrama
650 _aEnglish
700 _aRaimond Williams
999 _c2759
_d2759